LEADER 01138nam a2200253 u 4500 001 000000048973 003 CaOOAMICUS 005 20070226115047.0 008 000609s1945 it u000 u ita u 035 $a10849732 040 $aPUL$bita 100 1 $aDalla Torre, Giuseppe,$cconte,$d1885-1967.$0(OLS)http://pul/name/13612 245 10$aAzione cattolica e fascismo :$bil conflitto del 1931 /$cGiuseppe Dalla Torre. 260 $aRoma :$bA.V.E.,$c1945. 300 $a111 p. ;$c19 cm 610 24$aAzione cattolica.$0(OLS)http://pul/subject/6573 650 4$aFascismo.$0(OLS)http://pul/subject/2634 850 $aPUL 852 $aPUL$W1$xDP1 Fondo Maccarrone$y58$m1513 G 18$j65151$nBK-PRI$b $qFondi$B65151$CPULBib$Z2$F65151 $H $81 852 $aPUL$W1$xDP1 Fondo Cecchetti$y53$m275 B 29$j65152$nBK-PRI$b $qFondi$B65152$CPULBib$Z2$F65152 $HPUL7420 $81 941 1 $a1 961 $aINV: 3157.Fondo Maccarrone. 996 $6245$aAzione cattolica e fascismo :$bil conflitto del 1931$9(OLS)http://pul/title/66022 996 $6260$aRoma :$bA.V.E.$9(OLS)http://pul/publisher/47979 LEADER 01317nam a2200313 a 4500 001 000000173598 003 CaOOAMICUS 005 20200626115805.0 008 200626s2011 enk u000 u eng r 020 $z978-0-19-960400-5* 032 $aLibriCat 040 $aPUL$bita 082 04$a342.4 100 1 $aDoe, Norman.$0(OLS)http://pul/name/45441 245 10$aLaw and religion in Europe : $ba comparative introduction / $cNorman Doe. 260 $aOxford :$bOxford University Press,$c©2011. 300 $axxviii, 306 p. ;$c24 cm 500 $aInclude indici. 504 $aBibliografia p. [265]-275. 650 4$aLibertą di culto$xUnione Europea.$0(OLS)http://pul/subject/38975 650 4$aLibertą religiosa$zEuropa.$0(OLS)http://pul/subject/20324 850 $aPUL 852 $aPUL$W1$xSL Diritto e Scienze Sociali 3$y79$m342. 4 DOENO 1$j197597$bRist. 2012$qDDC 21$B202384$CPULBib$Z2$F202384 $H132497 $82 941 1 $a9 996 $6020$z978-0-19-960400-5*$9(OLS)http://pul/number/167594 996 $6082$a342.4$9(OLS)http://pul/classification/2088 996 $6245$aLaw and religion in Europe : $ba comparative introduction / $9(OLS)http://pul/title/214776 996 $6260$aOxford :$bOxford University Press$9(OLS)http://pul/publisher/48013